¿cómo enfrentar la pobreza y la desigualdad? /
Guardado en:
| Autor Principal: | |
|---|---|
| Formato: | Libro |
| Publicado: |
Buenos Aires :
Ministerio de Educación de la Nación,
2013
|
| Materias: | |
| Etiquetas: |
Agregar Etiqueta
Sin Etiquetas, Sea el primero en etiquetar este registro!
|
| LEADER | 01882nam a22002655a 4500 | ||
|---|---|---|---|
| 001 | CEM.cems014489 | ||
| 005 | 20141020164244.0 | ||
| 008 | 130507s2013##################000#0#####d | ||
| 003 | CEMS | ||
| 020 | |a 9789500009737 | ||
| 082 | 0 | 4 | |a 330 |
| 100 | 1 | |a Kliksberg, Bernardo | |
| 245 | 1 | 0 | |a ¿cómo enfrentar la pobreza y la desigualdad? / |c Bernardo Kliksberg |
| 260 | |a Buenos Aires : |b Ministerio de Educación de la Nación, |c 2013 | ||
| 300 | |a 308 p. | ||
| 505 | 0 | |a Los escándalos éticos de nuestro tiempo -- ¿Por qué la actual crisis económica mundial? -- ¿Qué está pasando con los jóvenes en el mundo y en América Latina? -- Inseguridad ciudadana. Hora de mejorar la calidad del debate -- Mitos, falacias y racionalizaciones sobre la pobreza y la desigualdad -- Salúd Pública. El tema postergado -- Economistas ortodoxos en aprietos. El capital social se puso en marcha -- ¿quién le teme a la participación? -- Mujeres, el mayor grupo discriminado de todo el planeta -- ¿Qué está pasando con la educación? Una cuestión clave -- El apharteid climático -- La pelea por las percepciones y los valores -- El voluntariado. Ciento cuarenta millones ayudando a los demás -- Niños, el discurso y la realidad -- Desigualdades indignantes -- El estado en tiempos de crisis --¿Es posible erradicar la corrupción? -- Mejorando el mundo. Los emprendedores sociales -- Por más ética empresarial -- La familia en época de crisis económica -- La hora de la economía social -- ¿qué piensan los latinoamericanos sobre la democracia? -- Caras ocultas de discriminación y pobreza | |
| 653 | |a Economía | ||
| 653 | |a Pobreza | ||
| 653 | |a Discriminación | ||
| 653 | |a Latinoamérica | ||
| 653 | |a Democracia | ||
| 653 | |a Ética empresarial | ||
| 653 | |a Salúd pública | ||
| 653 | |a Capital social | ||
| 859 | |a CEMS |b BIB. CEMS - 11 de abril |h 330 |i K682-4 |p 27058.14 |t Ej.1 | ||
